[Event "Druga liga Srbije grupa Vojvodina 2012"]
[Site "Kac"]
[Date "2012.10.16"]
[Round "4.5"]
[White "Cabarkapa, Novak"]
[Black "Petakov, Uros"]
[Result "1/2-1/2"]
[WhiteElo "2244"]
[BlackElo "2338"]
[PlyCount "28"]
[EventDate "2012.10.14"]

1. e4 e6 2. d4 d5 3. Nc3 dxe4 4. Nxe4 Nd7 5. g3 Ngf6 6. Nxf6+ Nxf6 7. Bg2 c5 8.
Nf3 cxd4 9. Qxd4 Qxd4 10. Nxd4 a6 11. O-O Bd6 12. Nb3 Rb8 13. Be3 b6 14. Rfd1
Be5 1/2-1/2

[Event "Druga liga Srbije grupa Vojvodina 2012"]
[Site "Kac"]
[Date "2012.10.16"]
[Round "4.5"]
[White "Stanojevic, Branko"]
[Black "Vidic, Stevan"]
[Result "1-0"]
[WhiteElo "2312"]
[BlackElo "2288"]
[PlyCount "79"]
[EventDate "2012.10.14"]

1. d4 d5 2. c4 e6 3. Nc3 Nf6 4. Bg5 Be7 5. e3 O-O 6. Nf3 h6 7. Bxf6 Bxf6 8. Qb3
c6 9. Rd1 Nd7 10. Bd3 Qe7 11. O-O dxc4 12. Bxc4 Nb6 13. Ne4 Nd5 14. Ne5 g6 15.
f4 Bg7 16. Rf3 f5 17. Nf2 Bxe5 18. dxe5 Qc5 19. g4 b5 20. Be2 a5 21. Kh1 Qb4
22. Qc2 Ra7 23. Rg1 Rg7 24. Rfg3 Kh7 25. a3 Qe7 26. Nd3 b4 27. Nc5 Nc3 28. axb4
axb4 29. bxc3 Qxc5 30. c4 Rff7 31. Bd3 Kg8 32. Qg2 Qe7 33. Qh3 c5 34. Kg2 Qd8
35. Be2 Kh7 $4 $138 (35... Bb7+ $1 36. Kf2 Be4 37. gxf5 Bxf5) 36. Qxh6+ Kg8 37.
gxf5 gxf5 38. Kf2 Qc7 39. Rh3 Kf8 40. Qh8+ 1-0

[Event "Druga liga Srbije grupa Vojvodina 2012"]
[Site "Kac"]
[Date "2012.10.16"]
[Round "4.5"]
[White "Marjanusic, Vladimir"]
[Black "Kovacevic, Dragan"]
[Result "1/2-1/2"]
[WhiteElo "2266"]
[BlackElo "2216"]
[PlyCount "69"]
[EventDate "2012.10.14"]

1. e4 d6 2. d4 Nf6 3. Nc3 c6 4. Be3 Qa5 5. Qd2 e5 6. Nf3 Be7 7. h3 Nbd7 8. Bd3
O-O 9. O-O Qc7 10. Ne2 Re8 11. Ng3 Bf8 12. Rfe1 a6 13. c3 b5 14. a4 Bb7 15. Nh4
Rad8 16. axb5 axb5 17. f4 b4 18. Nhf5 c5 19. fxe5 dxe5 20. d5 c4 21. Bc2 b3 22.
Bd1 Nc5 23. Bg5 Nd3 24. Rf1 Nf4 25. Kh2 Bc8 26. Bxf6 gxf6 27. Nh5 Qb6 28. Nxf4
$2 (28. Qe3 $1 $18) 28... exf4 29. Qxf4 Bxf5 30. Qxf5 Qe3 31. Bf3 Bd6+ 32. Kh1
Be5 33. Bh5 Qg3 34. Qg4+ Qxg4 35. Bxg4 1/2-1/2

[Event "Druga liga Srbije grupa Vojvodina 2012"]
[Site "Kac"]
[Date "2012.10.16"]
[Round "4.5"]
[White "Okilj, Tigran"]
[Black "Mamuzic, Mirko"]
[Result "1/2-1/2"]
[WhiteElo "2089"]
[BlackElo "2248"]
[PlyCount "97"]
[EventDate "2012.10.14"]

1. d4 c5 2. Nf3 Nf6 3. g3 cxd4 4. Nxd4 Nc6 5. Bg2 Qb6 6. Nb3 d6 7. O-O Bd7 8.
Be3 Qc7 9. Nc3 g6 10. Nb5 Qb8 11. c4 Bg7 12. h3 O-O 13. Rc1 Rd8 14. N3d4 Nxd4
15. Nxd4 e5 16. Nb5 Bc6 17. Nc3 Bxg2 18. Kxg2 b5 19. Bg5 Qb7+ 20. f3 bxc4 21.
Bxf6 Bxf6 22. Nd5 Bg5 23. Rc2 Rac8 24. e4 Rf8 25. h4 Bd8 26. Qc1 Kg7 27. b3 c3
28. Rxc3 Ba5 29. Rxc8 Rxc8 30. Qg5 Bd8 31. Qd2 Qa6 32. Rd1 Rc5 33. Ne3 Ba5 34.
Qd3 Qxd3 35. Rxd3 Bc3 36. Rxd6 Bb4 37. Rd5 Rc3 38. Nc4 f6 39. Rd7+ Kf8 40. Rxa7
Rc2+ 41. Kh3 Rf2 42. Rd7 Rxf3 43. Kg4 Rc3 44. h5 Bc5 45. h6 Bf2 46. Nd6 Rxg3+
47. Kh4 Rxb3+ 48. Kg4 Rg3+ 49. Kh4 1/2-1/2

[Event "Druga liga Srbije grupa Vojvodina 2012"]
[Site "Kac"]
[Date "2012.10.16"]
[Round "4.5"]
[White "Kaszas, Viktor"]
[Black "Skoko, Milan"]
[Result "0-1"]
[WhiteElo "2027"]
[BlackElo "2204"]
[PlyCount "50"]
[EventDate "2012.10.14"]

1. e4 c5 2. Nf3 Nc6 3. d4 cxd4 4. Nxd4 Nf6 5. Nc3 e5 6. Ndb5 d6 7. Bg5 a6 8.
Na3 Be6 9. Nc4 Rc8 10. Nd5 Bxd5 11. Bxf6 gxf6 12. Qxd5 Nb4 13. Qd2 Nxc2+ 14.
Qxc2 d5 15. exd5 Bb4+ 16. Kd1 Qxd5+ 17. Kc1 O-O 18. a3 Bc5 19. Kb1 b5 20. Na5
Kh8 21. Qb3 Qd2 22. Nb7 Bd4 23. Bd3 Bxb2 24. Rd1 Rc1+ 25. Ka2 Bd4+ 0-1

[Event "Druga liga Srbije grupa Vojvodina 2012"]
[Site "Kac"]
[Date "2012.10.16"]
[Round "4.6"]
[White "Popov, Stevan"]
[Black "Sertic, Rudolf"]
[Result "0-1"]
[WhiteElo "2204"]
[BlackElo "2397"]
[PlyCount "94"]
[EventDate "2012.10.14"]

1. e4 e5 2. Nf3 Nc6 3. Nc3 Nf6 4. Bb5 Nd4 5. Nxd4 exd4 6. e5 dxc3 7. exf6 cxd2+
8. Bxd2 Qxf6 9. O-O Be7 10. Bc3 Qg5 11. Re1 O-O 12. Re5 Qf6 13. Qe2 Bd6 14. Re4
Qh6 15. g3 f5 16. Bc4+ Kh8 17. Re8 Qg6 18. Re1 b6 19. Rxf8+ Bxf8 20. Qf3 c6 21.
Re5 d5 22. Bd3 Bd6 23. Re1 Bd7 24. h4 Kg8 25. Bd2 Qg4 26. Kg2 Qxf3+ 27. Kxf3
Kf7 28. Bf4 Bxf4 29. Kxf4 Kf6 30. f3 h6 31. h5 Re8 32. Rxe8 Bxe8 33. Bxf5 Bxh5
34. Bc8 c5 35. c3 g5+ 36. Ke3 Ke5 37. f4+ gxf4+ 38. gxf4+ Kf6 39. Bh3 Bg6 40.
a3 h5 41. b4 h4 42. bxc5 bxc5 43. Bg2 Be4 44. Bf1 Bf5 45. Kf3 d4 46. cxd4 cxd4
47. Bc4 Ke7 0-1

[Event "Druga liga Srbije grupa Vojvodina 2012"]
[Site "Kac"]
[Date "2012.10.16"]
[Round "4.6"]
[White "Vujadinovic, Goran"]
[Black "Jovanovic, Milenko"]
[Result "1-0"]
[WhiteElo "2365"]
[BlackElo "2192"]
[PlyCount "59"]
[EventDate "2012.10.14"]

1. g3 d5 2. Bg2 Nf6 3. Nf3 g6 4. O-O Bg7 5. d3 O-O 6. Nbd2 c5 7. e4 Nc6 8. Re1
e5 9. exd5 Nxd5 10. Nc4 f6 11. c3 Kh8 12. a4 Be6 13. Nfd2 Qd7 14. Ne4 b6 15. a5
Rab8 16. axb6 axb6 17. Ra6 Qc8 18. Ra3 Rd8 19. Qe2 Bg8 20. h4 f5 21. Ng5 b5 22.
Na5 Nxa5 23. Rxa5 Qc7 24. Ra6 Rb6 25. Rxb6 Qxb6 26. h5 h6 27. Nf3 Re8 28. hxg6
Qxg6 29. Nh4 Qf6 30. Qh5 1-0

[Event "Druga liga Srbije grupa Vojvodina 2012"]
[Site "Kac"]
[Date "2012.10.16"]
[Round "4.6"]
[White "Mastrapovic, Vladimir"]
[Black "Kovacevic, Slavko"]
[Result "0-1"]
[WhiteElo "2284"]
[BlackElo "2187"]
[PlyCount "97"]
[EventDate "2012.10.14"]

1. d4 Nf6 2. Nf3 e6 3. g3 d5 4. Bg2 Be7 5. c4 c6 6. O-O O-O 7. Nc3 b6 8. b3 Ba6
9. Ne5 Nbd7 10. Nxd7 Nxd7 11. Bb2 Rc8 12. cxd5 cxd5 13. a4 Nf6 14. Nb5 Qd7 15.
Nc3 Rc7 16. Bf3 Rfc8 17. Rc1 h6 18. Qd2 Ne8 19. h4 Bb4 20. Qe3 Nd6 21. Na2 Nf5
22. Qf4 Be7 23. Rxc7 Rxc7 24. Rc1 Bd6 25. Qd2 Qc8 26. e4 dxe4 27. Bxe4 Ne7 28.
d5 exd5 29. Qd4 Rxc1+ 30. Nxc1 f6 31. Bxd5+ Kf8 32. Bf3 Bc5 33. Qe4 Qh3 34. Ne2
Bxe2 35. Qxe2 Qxg3+ 36. Kf1 Qxh4 37. Qd2 Qh3+ 38. Ke2 Qe6+ 39. Kf1 Qxb3 40. Kg2
Qe6 41. a5 Qd6 42. Qc2 g6 43. a6 Kg7 44. Qe2 Nf5 45. Bg4 Qc6+ 46. Kg1 Nh4 47.
Bh3 Nf3+ 48. Kf1 Nd4 49. Bg2 0-1

[Event "Druga liga Srbije grupa Vojvodina 2012"]
[Site "Kac"]
[Date "2012.10.16"]
[Round "4.6"]
[White "Zolotic, Zoran"]
[Black "Marcak, Dejan"]
[Result "1/2-1/2"]
[WhiteElo "2237"]
[BlackElo "2152"]
[PlyCount "53"]
[EventDate "2012.10.14"]

1. Nf3 c5 2. c4 Nc6 3. Nc3 g6 4. b3 Nf6 5. Bb2 Bg7 6. g3 O-O 7. Bg2 d6 8. O-O
Bf5 9. d4 cxd4 10. Nxd4 Nxd4 11. Qxd4 Ne4 12. Qe3 Nxc3 13. Bxc3 Bxc3 14. Qxc3
Qc7 15. Rac1 Rac8 16. Rfe1 b6 17. e4 Be6 18. Qd2 Qc5 19. h3 Rc7 20. Kh2 Bc8 21.
Qf4 f6 22. Qd2 Bb7 23. h4 a5 24. Bh3 Bc8 25. Bg2 Kg7 26. f4 Bg4 27. Qb2 1/2-1/2

[Event "Druga liga Srbije grupa Vojvodina 2012"]
[Site "Kac"]
[Date "2012.10.16"]
[Round "4.6"]
[White "Bogic, Stevan"]
[Black "Radanovic, Borislav"]
[Result "1/2-1/2"]
[WhiteElo "2199"]
[BlackElo "2244"]
[PlyCount "43"]
[EventDate "2012.10.14"]

1. e4 d6 2. d4 g6 3. c4 Bg7 4. Nc3 Nf6 5. f3 c6 6. Bg5 a6 7. a4 a5 8. Qd2 Na6
9. Nge2 Qc7 10. Nc1 Nd7 11. Be2 e5 12. dxe5 dxe5 13. O-O Ndc5 14. Rd1 Ne6 15.
Bh4 Nd4 16. Bf1 Nc5 17. Ra3 O-O 18. N3e2 Nce6 19. Nxd4 Nxd4 20. Ne2 Be6 21.
Nxd4 exd4 22. f4 1/2-1/2